[Event "GER-chT Lands U21"]
[Site "Xanten"]
[Date "2011.11.02"]
[Round "6.7"]
[White "Wiesner, Paula"]
[Black "Gordeeva, Vitalia"]
[Result "1-0"]
[WhiteElo "1612"]
[BlackElo "1664"]
[PlyCount "57"]
[EventDate "2011.10.31"]
[EventType "team-swiss"]
[EventRounds "7"]
[EventCountry "GER"]
[SourceTitle "EXT 2022"]
[Source "ChessBase"]
[SourceDate "2021.10.06"]
[SourceVersion "1"]
[SourceVersionDate "2021.10.06"]
[SourceQuality "1"]
[WhiteTeam "Baden U21"]
[BlackTeam "Nordrhein Westfalen U21"]
[WhiteTeamCountry "GER"]
[BlackTeamCountry "GER"]

1. d4 d5 2. c4 e6 3. Nc3 Nf6 4. cxd5 exd5 5. Bg5 Be7 6. e3 0-0 7. Qc2 c6 8. Bd3 Nbd7 9. Nge2 Re8 10. 0-0 Nf8 11. f3 Nh5 12. Bxe7 Rxe7 13. e4 dxe4 14. fxe4 Nf6 15. Qd2 Bg4 16. e5 Nd5 17. Ne4 Qb6 18. Kh1 Rd8 19. Nd6 Ne6 20. Bf5 Bxe2 21. Qxe2 Nxd4 22. Bxh7+ Kxh7 23. Qh5+ Kg8 24. Nxf7 Rxf7 25. Qxf7+ Kh7 26. e6 Qc5 27. Rae1 Ne7 28. Rd1 a6 29. Rf3 1-0

[Event "GER-chT Lands U21"]
[Site "Xanten"]
[Date "2011.11.01"]
[Round "4.7"]
[White "Gordeeva, Vitalia"]
[Black "Graf, Clara Victoria"]
[Result "1/2-1/2"]
[WhiteElo "1664"]
[BlackElo "1768"]
[PlyCount "104"]
[EventDate "2011.10.31"]
[EventType "team-swiss"]
[EventRounds "7"]
[EventCountry "GER"]
[SourceTitle "EXT 2022"]
[Source "ChessBase"]
[SourceDate "2021.10.06"]
[SourceVersion "1"]
[SourceVersionDate "2021.10.06"]
[SourceQuality "1"]
[WhiteTeam "Nordrhein Westfalen U21"]
[BlackTeam "Hessen U21"]
[WhiteTeamCountry "GER"]
[BlackTeamCountry "GER"]

1. d4 Nf6 2. Nf3 g6 3. e3 Bg7 4. Be2 0-0 5. b3 d6 6. Bb2 Nbd7 7. 0-0 e5 8. c4 Re8 9. Nc3 exd4 10. exd4 Ne4 11. Nxe4 Rxe4 12. Bd3 Re8 13. Qc2 Nf6 14. h3 d5 15. c5 c6 16. Bc1 Ne4 17. Bf4 f6 18. Rfe1 f5 19. Ne5 Be6 20. Re2 Bf7 21. f3 Nf6 22. b4 Nh5 23. Bd2 Qh4 24. Qb2 Ng3 25. Ree1 f4 26. Nxf7 Kxf7 27. b5 Qf6 28. Bc3 Reb8 29. a4 Nf5 30. Bxf5 Qxf5 31. Re2 a6 32. Ree1 Qd3 33. b6 Re8 34. Rad1 Qf5 35. Qd2 Bf6 36. Rxe8 Rxe8 37. Re1 Rxe1+ 38. Qxe1 Qd3 39. Qa1 Bh4 40. Bb2 Bg3 41. Bc3 Kf6 42. Bb2 g5 43. Qf1 Qxf1+ 44. Kxf1 Kf5 45. Bc3 h5 46. Ke2 g4 47. hxg4+ hxg4 48. Kf1 Kg5 49. Bd2 Kh4 50. Bc3 gxf3 51. gxf3 Kh3 52. Ke2 Kg2 1/2-1/2

[Event "GER-ch U18 Girls"]
[Site "Oberhof"]
[Date "2011.06.13"]
[Round "3"]
[White "Bauersfeld, Jasmin"]
[Black "Gordeeva, Vitalia"]
[Result "0-1"]
[WhiteElo "1182"]
[BlackElo "1709"]
[PlyCount "80"]
[EventDate "2011.06.11"]
[EventType "swiss"]
[EventRounds "9"]
[EventCountry "GER"]
[SourceTitle "CBM 142 Extra"]
[Source "ChessBase"]
[SourceDate "2011.06.27"]
[SourceVersion "1"]
[SourceVersionDate "2011.06.27"]
[SourceQuality "1"]

1. e4 c5 2. c4 Nf6 3. Nc3 e6 4. Nge2 d6 5. g3 Nc6 6. Bg2 g6 7. d3 Bg7 8. 0-0 0-0 9. h3 a6 10. a4 Qc7 11. f4 b6 12. Be3 Bb7 13. f5 Nb4 14. g4 d5 15. exd5 exd5 16. g5 Ne8 17. f6 Bh8 18. cxd5 Rd8 19. Nf4 Rd7 20. Qb3 Nd6 21. d4 Nf5 22. Nce2 Re8 23. Bf2 a5 24. Rac1 Ba6 25. Rfe1 c4 26. Qa3 Qb8 27. Ng3 Nh4 28. Rxe8+ Qxe8 29. Re1 Qd8 30. Qe3 h6 31. Qe8+ Qxe8 32. Rxe8+ Kh7 33. Be4 hxg5 34. Nfh5 Bb7 35. Re5 Bxd5 36. Rxg5 Bxe4 37. Nxe4 Nf3+ 38. Kg2 Nxg5 39. Nxg5+ Kh6 40. Ng3 Kxg5 0-1

[Event "GER-ch U18 Girls"]
[Site "Oberhof"]
[Date "2011.06.12"]
[Round "1"]
[White "Carow, Annelen"]
[Black "Gordeeva, Vitalia"]
[Result "1-0"]
[WhiteElo "1860"]
[BlackElo "1709"]
[PlyCount "59"]
[EventDate "2011.06.11"]
[EventType "swiss"]
[EventRounds "9"]
[EventCountry "GER"]
[SourceTitle "CBM 142 Extra"]
[Source "ChessBase"]
[SourceDate "2011.06.27"]
[SourceVersion "1"]
[SourceVersionDate "2011.06.27"]
[SourceQuality "1"]

1. d4 d5 2. c4 e6 3. Nc3 Nf6 4. cxd5 exd5 5. Bg5 Be7 6. e3 0-0 7. Bd3 Nbd7 8. Qc2 c6 9. Nf3 Re8 10. Bf4 Nf8 11. a3 a5 12. Rb1 Ng6 13. Bg3 Nh5 14. Ne5 Bd6 15. Nxg6 fxg6 16. Bxd6 Qxd6 17. 0-0 Nf6 18. Ne2 Ne4 19. b4 axb4 20. axb4 b6 21. Rfc1 Bd7 22. Bxe4 Rxe4 23. b5 cxb5 24. Nc3 Rh4 25. g3 Rh5 26. Nxb5 Bxb5 27. Rxb5 Rf5 28. Qb3 Rb8 29. e4 Rff8 30. Rxd5 1-0

[Event "Goch op 21st"]
[Site "Goch"]
[Date "2010.10.03"]
[Round "6"]
[White "Thevessen, Hubert"]
[Black "Gordeeva, Vitalia"]
[Result "1/2-1/2"]
[WhiteElo "1922"]
[BlackElo "1679"]
[PlyCount "70"]
[EventDate "2010.09.30"]
[EventType "swiss"]
[EventRounds "7"]
[EventCountry "GER"]
[SourceTitle "EXT 2012"]
[Source "ChessBase"]
[SourceDate "2011.11.24"]
[SourceVersion "1"]
[SourceVersionDate "2011.11.24"]
[SourceQuality "1"]

1. c4 Nf6 2. Nc3 e6 3. g3 Be7 4. Bg2 0-0 5. e4 d6 6. Nge2 c5 7. 0-0 Nc6 8. b3 a6 9. Bb2 Nd4 10. Nxd4 cxd4 11. Ne2 e5 12. d3 Nd7 13. f4 Nc5 14. f5 Qe8 15. Rf3 b5 16. Rc1 a5 17. Rc2 b4 18. Bc1 a4 19. Rb2 axb3 20. axb3 Bd7 21. Bd2 Qb8 22. Qe1 Na6 23. g4 Qb6 24. g5 f6 25. Qh4 fxg5 26. Bxg5 Bxg5 27. Qxg5 Qd8 28. Qd2 Qb6 29. Rg3 Qd8 30. Bf3 Qf6 31. Kg2 Nc5 32. Ng1 Rfb8 33. Nh3 Ra3 34. Bd1 Bc6 35. Qg5 Qxg5 1/2-1/2

[Event "Dortmund Sparkassen op-B"]
[Site "Dortmund"]
[Date "2010.07.19"]
[Round "3"]
[White "Gordeeva, Vitalia"]
[Black "Barth, Hans Joachim"]
[Result "1/2-1/2"]
[WhiteElo "1679"]
[BlackElo "1719"]
[PlyCount "85"]
[EventDate "2010.07.17"]
[EventType "swiss"]
[EventRounds "9"]
[EventCountry "GER"]
[SourceTitle "EXT 2014"]
[Source "ChessBase"]
[SourceDate "2013.11.20"]
[SourceVersion "1"]
[SourceVersionDate "2013.11.20"]
[SourceQuality "1"]

1. e4 c5 2. Nf3 d6 3. d4 cxd4 4. Nxd4 Nf6 5. Nc3 g6 6. Be2 Bg7 7. Bg5 Nc6 8. Nf3 0-0 9. Qd2 Qa5 10. 0-0 Bg4 11. Bh6 Bxf3 12. Bxf3 Bxh6 13. Qxh6 Nd4 14. Bd1 Rac8 15. Qe3 Qb4 16. Rb1 Rc7 17. a3 Qc4 18. Qd3 Rfc8 19. Qxc4 Rxc4 20. f4 e5 21. fxe5 Ne8 22. Bg4 Rd8 23. exd6 Rxd6 24. Rf2 h5 25. Bh3 Nc6 26. Rbf1 Ne5 27. g3 Kg7 28. Bg2 Rdc6 29. Rd1 Nf6 30. h3 a6 31. Re1 g5 32. Rf5 Nfd7 33. Rxg5+ Kh6 34. Rf5 Rb6 35. Bf1 Rc8 36. Be2 Rxb2 37. Rxh5+ Kg7 38. Nd5 Rcxc2 39. Rg5+ Kf8 40. Nf4 Rxe2 41. Rxe2 Rxe2 42. Rxe5 Re3 43. Rd5 1/2-1/2

[Event "Dortmund Sparkassen op-B"]
[Site "Dortmund"]
[Date "2008.07.05"]
[Round "8"]
[White "Whitmire, James David"]
[Black "Gordeeva, Vitalia"]
[Result "1-0"]
[WhiteElo "1744"]
[BlackElo "1521"]
[PlyCount "51"]
[EventDate "2008.06.30"]
[EventType "swiss"]
[EventRounds "9"]
[EventCountry "GER"]
[SourceTitle "EXT 2022"]
[Source "ChessBase"]
[SourceDate "2021.10.06"]
[SourceVersion "1"]
[SourceVersionDate "2021.10.06"]
[SourceQuality "1"]

1. e4 c5 2. Nf3 e6 3. d4 cxd4 4. Nxd4 a6 5. Bd3 Nf6 6. 0-0 d6 7. Nc3 Be7 8. f4 Qc7 9. Be3 0-0 10. Kh1 b5 11. Qf3 Bb7 12. a3 Nbd7 13. Qh3 Rac8 14. Nf3 Qb8 15. e5 Bxf3 16. exf6 Bxg2+ 17. Kxg2 Nxf6 18. Rf3 d5 19. Kf2 Rfd8 20. Bd4 h6 21. Rg1 Kh8 22. Be5 Qb6+ 23. Kf1 Rg8 24. Rfg3 Rc6 25. Qxh6+ gxh6 26. Rxg8# 1-0

[Event "Dortmund Sparkassen op-B"]
[Site "Dortmund"]
[Date "2008.07.04"]
[Round "7"]
[White "Gordeeva, Vitalia"]
[Black "Mueller, Rene"]
[Result "1-0"]
[WhiteElo "1521"]
[BlackElo "1613"]
[PlyCount "61"]
[EventDate "2008.06.30"]
[EventType "swiss"]
[EventRounds "9"]
[EventCountry "GER"]
[SourceTitle "EXT 2022"]
[Source "ChessBase"]
[SourceDate "2021.10.06"]
[SourceVersion "1"]
[SourceVersionDate "2021.10.06"]
[SourceQuality "1"]

1. d4 Nf6 2. Nf3 g6 3. e3 Bg7 4. Be2 d6 5. b4 0-0 6. Bb2 e5 7. dxe5 Ng4 8. h3 Nxe5 9. Nxe5 dxe5 10. Qxd8 Rxd8 11. Nd2 Nc6 12. a3 Be6 13. g4 Ne7 14. c4 Rd7 15. 0-0-0 a5 16. b5 a4 17. Ne4 b6 18. Bf3 Rad8 19. Be2 c6 20. Rxd7 Rxd7 21. Nc3 cxb5 22. cxb5 Bb3 23. Bd1 Nd5 24. Bxb3 Nxc3 25. Bxc3 Rc7 26. Kb2 axb3 27. Rd1 Bf6 28. Rd6 Be7 29. Rxb6 Bxa3+ 30. Kxb3 Bc5 31. Rb8+ 1-0

[Event "NRW-ch U16 Girls"]
[Site "Kranenburg"]
[Date "2008.03.29"]
[Round "7"]
[White "Hudde, Marnie"]
[Black "Gordeeva, Vitalia"]
[Result "0-1"]
[WhiteElo "785"]
[BlackElo "1429"]
[PlyCount "60"]
[EventDate "2008.03.24"]
[EventType "swiss"]
[EventRounds "7"]
[EventCountry "GER"]
[SourceTitle "EXT 2009"]
[Source "ChessBase"]
[SourceDate "2008.11.26"]
[SourceVersion "1"]
[SourceVersionDate "2008.11.26"]
[SourceQuality "1"]

1. e4 c5 2. Nc3 a6 3. Nf3 d6 4. Bc4 e6 5. d3 Qc7 6. Bf4 Nd7 7. d4 cxd4 8. Ne2 Qxc4 9. e5 dxe5 10. Bxe5 Nxe5 11. Nxe5 Qb4+ 12. c3 dxc3 13. bxc3 Qd6 14. Qa4+ Bd7 15. Qe4 Bc6 16. Nxc6 Qxc6 17. Qg4 Nf6 18. Qh3 Be7 19. 0-0 0-0 20. Nd4 Qc7 21. Rfe1 Rac8 22. Rac1 Bc5 23. g3 Bxd4 24. cxd4 Qa5 25. Ra1 Rc2 26. Re5 Qd2 27. Rae1 Qxf2+ 28. Kh1 Rfc8 29. Rc5 Qxe1+ 30. Qf1 Qxf1# 0-1

[Event "NRW-ch U16 Girls"]
[Site "Kranenburg"]
[Date "2008.03.27"]
[Round "5"]
[White "Schuetten, Annalisa"]
[Black "Gordeeva, Vitalia"]
[Result "1/2-1/2"]
[WhiteElo "1225"]
[BlackElo "1429"]
[PlyCount "34"]
[EventDate "2008.03.24"]
[EventType "swiss"]
[EventRounds "7"]
[EventCountry "GER"]
[SourceTitle "EXT 2009"]
[Source "ChessBase"]
[SourceDate "2008.11.26"]
[SourceVersion "1"]
[SourceVersionDate "2008.11.26"]
[SourceQuality "1"]

1. e4 c5 2. c4 d6 3. Nf3 Qc7 4. d3 e6 5. Be2 Nf6 6. Nc3 a6 7. a3 Nc6 8. Bd2 Be7 9. Qc1 b6 10. 0-0 Nd4 11. Bd1 Nc6 12. Ne2 d5 13. exd5 exd5 14. Ng3 d4 15. h3 0-0 16. Nh4 Bd6 17. Nhf5 Bxg3 1/2-1/2

[Event "Duisburg Grossenbaum op"]
[Site "Duisburg"]
[Date "2004.05.30"]
[Round "4"]
[White "Gordeeva, Vitalia"]
[Black "Ishar, Bing"]
[Result "1/2-1/2"]
[WhiteElo "1351"]
[BlackElo "1572"]
[PlyCount "67"]
[EventDate "2004.05.28"]
[EventType "swiss"]
[EventRounds "7"]
[EventCountry "GER"]
[SourceTitle "EXT 2006"]
[Source "ChessBase"]
[SourceDate "2005.11.24"]
[SourceVersion "1"]
[SourceVersionDate "2005.11.24"]
[SourceQuality "1"]

1. e4 e6 2. d4 d5 3. exd5 exd5 4. Nc3 Bb4 5. Bd2 Ne7 6. Nf3 0-0 7. Bd3 Bf5 8. Be2 c6 9. 0-0 Nd7 10. a3 Bd6 11. Nh4 Bg6 12. Nxg6 Nxg6 13. g3 Re8 14. Bf3 Qc7 15. Bg2 Nf6 16. Re1 Rxe1+ 17. Qxe1 Re8 18. Qf1 h5 19. b4 a6 20. Bg5 Nh7 21. Bd2 h4 22. Be1 hxg3 23. hxg3 Qe7 24. Bd2 Qf6 25. Be3 Bxg3 26. fxg3 Qxf1+ 27. Kxf1 Rxe3 28. Ne2 Nf6 29. Bh3 Ne7 30. Kf2 Re4 31. Rd1 Ne8 32. Nc3 Nd6 33. Nxe4 Nxe4+ 34. Kf3 1/2-1/2

[Event "Duisburg Grossenbaum op"]
[Site "Duisburg"]
[Date "2004.05.29"]
[Round "2"]
[White "Gordeeva, Vitalia"]
[Black "Meinert, Thomas"]
[Result "0-1"]
[WhiteElo "1351"]
[BlackElo "1768"]
[PlyCount "50"]
[EventDate "2004.05.28"]
[EventType "swiss"]
[EventRounds "7"]
[EventCountry "GER"]
[SourceTitle "EXT 2006"]
[Source "ChessBase"]
[SourceDate "2005.11.24"]
[SourceVersion "1"]
[SourceVersionDate "2005.11.24"]
[SourceQuality "1"]

1. e4 c5 2. Nf3 Nc6 3. Bc4 d6 4. Nc3 Bd7 5. d3 e6 6. Bf4 a6 7. Qe2 Nf6 8. e5 dxe5 9. Bxe5 Nxe5 10. Nxe5 Bd6 11. Ng4 Be7 12. Nxf6+ Bxf6 13. Bd5 0-0 14. Bxb7 Rb8 15. Bf3 Rxb2 16. Ne4 Ba4 17. Rc1 Rxa2 18. 0-0 Bb2 19. Rb1 Bd4 20. Rfc1 Qc7 21. Ng5 Qe5 22. Qxe5 Bxe5 23. Rb6 Bf4 24. Rcb1 Bxg5 25. Rxa6 Bxc2 0-1

[Event "Duisburg Grossenbaum op"]
[Site "Duisburg"]
[Date "2004.05.28"]
[Round "1"]
[White "Tendick, Frank"]
[Black "Gordeeva, Vitalia"]
[Result "1-0"]
[WhiteElo "2092"]
[BlackElo "1351"]
[PlyCount "39"]
[EventDate "2004.05.28"]
[EventType "swiss"]
[EventRounds "7"]
[EventCountry "GER"]
[SourceTitle "EXT 2006"]
[Source "ChessBase"]
[SourceDate "2005.11.24"]
[SourceVersion "1"]
[SourceVersionDate "2005.11.24"]
[SourceQuality "1"]

1. d4 d5 2. Nc3 Nf6 3. Bg5 e6 4. f3 Be7 5. Qd2 b6 6. e4 dxe4 7. fxe4 Bb7 8. Bd3 0-0 9. Nf3 Re8 10. 0-0-0 Nc6 11. e5 Nd5 12. Bxe7 Rxe7 13. Qf2 Ncb4 14. Bxh7+ Kxh7 15. Qh4+ Kg8 16. Ng5 Re8 17. Rhf1 f6 18. Qh7+ Kf8 19. Qh8+ Ke7 20. Qxg7# 1-0